Wizz Air bases 2025 - Statistics

General Stats
  • This quiz has been taken 35 times
  • The average score is 26 of 33
Answer Stats
Hint Answer % Correct
Serbia Belgrade
100%
Romania Bucharest
100%
Hungary Budapest
100%
Poland Krakow
100%
Albania Tirana
100%
Italy Venice
100%
Lithuania Vilnius
100%
Poland Warsaw
100%
Romania Cluj-Napoca
96%
Poland Gdansk
96%
Bulgaria Sofia
96%
Austria Vienna
96%
Cyprus Larnaca
92%
Armenia Yerevan
92%
Moldova Chisinau
88%
Poland Katowice
88%
Macedonia Skopje
88%
Poland Wroclaw
88%
Italy Naples
84%
Bulgaria Varna
84%
Romania Iasi
68%
Italy Catania
64%
UK London Luton
64%
Romania Timisoara
64%
Georgia Kutaisi
60%
UK London Gatwick
60%
Bosnia and Herzegovina Tuzla
60%
Romania Craiova
52%
Italy Milan-Malpensa
52%
Italy Rome-Fiumicino
40%
Romania Sibiu
40%
Romania Suceava
36%
Poland Warsaw Modlin
36%
No matching quizzes found
Score Distribution
Percent of People with Each Score
Percentile by Number Answered
Your Score History
You have not taken this quiz